01273nam a2200241Ia 4500003000400000005001700004008004000021020001800061040000700079041001400086082001800100100004500118245003800163260003000201300000800231520052600239650002100765690002200786906001100808942001200819999001900831952018100850OSt20240524102653.0210210b2017 xxu||||| |||| 00| 0 eng d a9788126439362 cAL aMalayalam a894.8123 MEEA aMEERA (K R)9167354dമീര ക്ര aAracharbആരാച്ചാർ aKottayambD C Booksc2017 a552 a” by K R Meera tells the story of such a girl.|Executioner is a story based on the Indian culture of caste and religion. The story illustrated in Kolkata narrates about a family’s culture and profession of “executioner” which was being performed by men from decades. Chetna that’s what the protagonist of the story called as father was an executioner a profession inherited by him. But today there is no one to inherit this profession… Will a girl Chetna be able to inherit her family profession of Execution? aAarachar9167355 aMalayalam9167356 a072407 2ddccBK c122206d122206 001040708MalyalamaALbALcMalayalamd2021-02-17eBiblios Book Point, Surathkal-575014g495.00l15m5o894.8123 MEEAp072407r2026-02-24 08:51:11s2026-02-16w2021-02-17yBK